00741cam a22002171 4500001001300000003000400013005001700017008004100034010001700075035001900092040001700111042001200128050001700140100002700157245006400184260011800248300003100366651004300397710006600440999001700506sa 66001898 DLC20260227112225.0760414s1965 ii a 000 0 eng  asa 66001898  a(OCoLC)2111026 aDLCcGUdDLC apremarc00aHN683.5b.M41 aMehta, Sushila,d1922-10aWorking with village people;ba collection of case studies. a[New Delhi]bNational Fundamental Education Centre, National Council of Educational Research and Trainingc[1965] axiv, 111 p.billus.c22cm. 0aIndiaxRural conditionsvCase studies.2 aNational Council of Educational Research and Training (India) c68055d68055